Plant science bulletin (Registro nro. 17049)
[ vista simple ]
| 000 -CABECERA | |
|---|---|
| Campo de control | 00902cas a2200241 4500 |
| 005 - FECHA Y HORA DE LA ULTIMA TRANSACCION | |
| Campo de control | 20180814090824.0 |
| 008 - ELEMENTOS DE LONGITUD FIJA—INFORMACION GENERAL | |
| Campo de control | 750907c19559999ohutr p 0 a0eng c |
| 022 ## - ISSN | |
| ISSN | 0032-0919 |
| 040 ## - FUENTE DE CATALOGACIÓN | |
| Agencia catalogadora original | MUL |
| Agencia transcriptora | MUL |
| Agencia Modificadora | NSD |
| -- | DLC |
| -- | NSD |
| -- | AIP |
| -- | NST |
| -- | AGL |
| -- | NST |
| -- | OCL |
| -- | NYG |
| -- | AGL |
| -- | GUA |
| -- | NSD |
| -- | NLM |
| -- | OCLCQ |
| -- | HUL |
| -- | CLU |
| -- | NLGGC |
| -- | OCLCQ |
| -- | UKMGB |
| -- | HNW |
| -- | OCLCF |
| -- | NCU |
| -- | OCLCO |
| -- | UY0 |
| -- | I8M |
| -- | CUV |
| -- | OCLCQ |
| -- | GILDS |
| -- | OCLCO |
| -- | CO-BoIAVH |
| 041 ## - IDIOMA | |
| Código de idioma para texto/pista de sonido o título separado | Inglés |
| 044 ## - PAÍS DE PUBLICACIÓN | |
| País de publicación | Estados Unidos |
| 090 ## - CLASIFICACIÓN LOCAL | |
| Colección | SE |
| 245 00 - MENCION DE TITULO | |
| Título | Plant science bulletin |
| 260 ## - PUBLICACION, DISTRIBUCION, ETC. (PIE DE IMPRENTA) | |
| Lugar de publicación, distribución, etc. | Columbus, Ohio (EE.UU.) : |
| Nombre del editor, distribuidor, etc. | Botanical Society of America. |
| Fecha de publicación, distribución, etc. | 1955-. |
| 300 ## - DESCRIPCION FISICA | |
| Otros detalles físicos | ilustraciones ; |
| Dimensiones | 26 cm |
| 310 ## - FRECUENCIA ACTUAL DE LA PUBLICACIÓN | |
| Date of current publication frequency | <2016-> |
| Frecuencia actual de la publicación | 3 veces al año |
| 321 ## - FRECUENCIA ANTERIOR DELA PUBLICACIÓN | |
| Frecuencia anterior de la publicación | Trimestral |
| Former publication frequency | Jan. 1955- |
| 650 26 - ASIENTO SECUNDARIO DE MATERIA - TERMINO TEMATICO | |
| Término temático o nombre geográfico como elemento de entrada | Botánica |
| Subdivisión de forma | Publicaciones periódicas |
| 9 (RLIN) | 101136 |
| 650 26 - ASIENTO SECUNDARIO DE MATERIA - TERMINO TEMATICO | |
| Término temático o nombre geográfico como elemento de entrada | Plantas |
| Subdivisión de forma | Publicaciones periódicas |
| 9 (RLIN) | 101137 |
| 710 2# - ASIENTO SECUNDARIO - NOMBRE CORPORATIVO | |
| Nombre corporativo o de jurisdicción como elemento de entrada | Botanical Society of America |
| 9 (RLIN) | 78294 |
| 710 2# - ASIENTO SECUNDARIO - NOMBRE CORPORATIVO | |
| Nombre corporativo o de jurisdicción como elemento de entrada | The society for ALL plant biologists |
| 9 (RLIN) | 101131 |
| 942 ## - ELEMENTOS ADICIONALES (KOHA) | |
| Sistema de clasificación | Local |
| Tipo de ítem | Periodica o revista |
| Serial record | 1 |
| Withdrawn status | Lost status | Sistema de Clasificación | Damaged status | No para préstamo | Colección | Fecha publicación (Año) | Volumen revista | Número revista | Inventariado | Ubicación Permanente | Ubicación actual | Fecha de adquisición | Datos de publicación Seriada | Total Checkouts | Número topográfico | Inventario / Código de Barras | Date last seen | Ejemplar | Price effective from | Forma de adquisición | Tipo de material |
|---|---|---|---|---|---|---|---|---|---|---|---|---|---|---|---|---|---|---|---|---|---|
| Local | Hemeroteca | 1990 | 36 | 1 | Inventariado 2017 | Bogotá | Bogotá | 14/08/2018 | Vol 36, No 1 | SE | 019520 | 14/08/2018 | Ej. 1 | 14/08/2018 | Donación | Periodica o revista | |||||
| Local | Hemeroteca | 1998 | 44 | 4 | Inventariado 2017 | Bogotá | Bogotá | 14/08/2018 | Vol 44, No 4 | SE | 008517 | 14/08/2018 | Ej. 1 | 14/08/2018 | Donación | Periodica o revista | |||||
| Local | Hemeroteca | 1998 | 44 | 1 | Inventariado 2017 | Bogotá | Bogotá | 14/08/2018 | Vol 44, No 1 | SE | 008514 | 14/08/2018 | Ej. 1 | 14/08/2018 | Donación | Periodica o revista | |||||
| Local | Hemeroteca | 2004 | 50 | 2 | Inventariado 2017 | Bogotá | Bogotá | 14/08/2018 | Vol 50, No 2 | SE | 019126 | 14/08/2018 | Ej. 1 | 14/08/2018 | Donación | Periodica o revista | |||||
| Local | Hemeroteca | 2001 | 47 | 2 | Inventariado 2017 | Bogotá | Bogotá | 14/08/2018 | Vol 47, No 2 | SE | 008527 | 14/08/2018 | Ej. 1 | 14/08/2018 | Donación | Periodica o revista | |||||
| Local | Hemeroteca | 2000 | 46 | 4 | Inventariado 2017 | Bogotá | Bogotá | 14/08/2018 | Vol 46, No 4 | SE | 008525 | 14/08/2018 | Ej. 1 | 14/08/2018 | Donación | Periodica o revista | |||||
| Local | Hemeroteca | 2000 | 46 | 1 | Inventariado 2017 | Bogotá | Bogotá | 14/08/2018 | Vol 46, No 1 | SE | 008522 | 14/08/2018 | Ej. 1 | 14/08/2018 | Donación | Periodica o revista | |||||
| Local | Hemeroteca | 2004 | 50 | 4 | Bogotá | Bogotá | 14/08/2018 | Vol 50, No 4 | SE | 017771 | 14/08/2018 | Ej. 1 | 14/08/2018 | Donación | Periodica o revista | ||||||
| Local | Hemeroteca | 1999 | 45 | 1 | Inventariado 2017 | Bogotá | Bogotá | 14/08/2018 | Vol 45, No 1 | SE | 008518 | 14/08/2018 | Ej. 1 | 14/08/2018 | Donación | Periodica o revista | |||||
| Local | Hemeroteca | 1998 | 44 | 3 | Inventariado 2017 | Bogotá | Bogotá | 14/08/2018 | Vol 44, No 3 | SE | 008516 | 14/08/2018 | Ej. 1 | 14/08/2018 | Donación | Periodica o revista | |||||
| Local | Hemeroteca | 2003 | 49 | 4 | Inventariado 2017 | Bogotá | Bogotá | 14/08/2018 | Vol 49, No 4 | SE | 015932 | 14/08/2018 | Ej. 1 | 14/08/2018 | Donación | Periodica o revista | |||||
| Local | Hemeroteca | 1999 | 45 | 2 | Inventariado 2017 | Bogotá | Bogotá | 14/08/2018 | Vol 45, No 2 | SE | 008519 | 14/08/2018 | Ej. 1 | 14/08/2018 | Donación | Periodica o revista | |||||
| Local | Hemeroteca | 2000 | 46 | 3 | Inventariado 2017 | Bogotá | Bogotá | 14/08/2018 | Vol 46, No 3 | SE | 008524 | 14/08/2018 | Ej. 1 | 14/08/2018 | Donación | Periodica o revista | |||||
| Local | Hemeroteca | 1998 | 44 | 2 | Inventariado 2017 | Bogotá | Bogotá | 14/08/2018 | Vol 44, No 2 | SE | 008515 | 14/08/2018 | Ej. 1 | 14/08/2018 | Donación | Periodica o revista | |||||
| Local | Hemeroteca | 2000 | 46 | 2 | Inventariado 2017 | Bogotá | Bogotá | 14/08/2018 | Vol 46, No 2 | SE | 008523 | 14/08/2018 | Ej. 1 | 14/08/2018 | Donación | Periodica o revista | |||||
| Local | Hemeroteca | 2004 | 50 | 3 | Inventariado 2017 | Bogotá | Bogotá | 14/08/2018 | Vol 50, No 3 | SE | 017002 | 14/08/2018 | Ej. 1 | 14/08/2018 | Donación | Periodica o revista | |||||
| Local | Hemeroteca | 2003 | 49 | 3 | Inventariado 2017 | Bogotá | Bogotá | 14/08/2018 | Vol 49, No 3 | SE | 014688 | 14/08/2018 | Ej. 1 | 14/08/2018 | Donación | Periodica o revista | |||||
| Local | Hemeroteca | 2001 | 47 | 1 | Inventariado 2017 | Bogotá | Bogotá | 14/08/2018 | Vol 47, No 1 | SE | 008526 | 14/08/2018 | Ej. 1 | 14/08/2018 | Donación | Periodica o revista | |||||
| Local | Hemeroteca | 1999 | 45 | 3 | Inventariado 2017 | Bogotá | Bogotá | 14/08/2018 | Vol 45, No 3 | SE | 008520 | 14/08/2018 | Ej. 1 | 14/08/2018 | Donación | Periodica o revista | |||||
| Local | Hemeroteca | 1999 | 45 | 4 | Inventariado 2017 | Bogotá | Bogotá | 14/08/2018 | Vol 45, No 4 | SE | 008521 | 14/08/2018 | Ej. 1 | 14/08/2018 | Donación | Periodica o revista | |||||
| Local | Hemeroteca | 2004 | 50 | 1 | Inventariado 2017 | Bogotá | Bogotá | 14/08/2018 | Vol 50, No 1 | SE | 019125 | 14/08/2018 | Ej. 1 | 14/08/2018 | Donación | Periodica o revista |